00412 a2200145 4500001001000000005001700010008004100027245004700068100002200115700002400137700002000161700002100181700002300202773004100225ART_4656520260410161630.0260409a 10aLos principios de la exposición contable1 aWerbin, Eliana M.1 aQuadro, Martín E.1 aBertoldi, Norma1 aPriotto, Hugo C.1 aVeteri, Liliana J.0 tEnfoquesg- N°6 (jun. 2018)wREV416